000 00756nam a2200229 4500
001 138261
003 ES-MaACL
005 20230906195531.0
007 t|
008 070214s1947 dr r ||||1| spa d
100 1 _aSánchez Valverde, Antonio.
_9102968
245 1 0 _aIdea del valor de la isla Española /
_cAntonio Sánchez Valverde.
250 _aEd. anotada.
260 _aCiudad Trujillo :
_bMontalvo,
_c1947.
300 _a228 p. ;
_c24 cm.
490 1 _aBiblioteca dominicana. Serie I ;
_v1
534 _pReprod. de la ed. de:
_cMadrid : Imp. de Don Pedro Marín, 1785.
651 4 _aLa Española-
_xDescripción.
_9171609
830 1 _aBiblioteca dominicana. Serie I ;
_v1
_9220146
852 _aES-MaACL
_jC-5331
999 _c138261
_d138261